| 000 | 00383 a2200145 4500 | ||
|---|---|---|---|
| 003 | Nust | ||
| 005 | 20170207165003.0 | ||
| 020 | _a9780470753620 (inb.) | ||
| 035 | _a(BOKR)9780470753620 | ||
| 040 | _cNust | ||
| 100 | 1 | _aNyholm, Ken | |
| 245 | 1 | 0 | _aStrategic Asset Allocation in Fixed Income Markets: A Matlab based user's g(E BOOK) |
| 260 |
_bJohn Wiley & Sons, _c2008 |
||
| 300 | _a200 p. | ||
| 942 |
_2ddc _cBK |
||
| 999 |
_c210440 _d210440 |
||